00457 2200193 4500001002100000005001500021035002000036007000300056008004100059020001800100082001200118084001800130100002000148245002100168260004100189856001700230990000800247990000800255INLIS00000000000069220220830081902 a0010-0822000177ta220830 g 0 ind  a9786028250269 a362.293 a362.293 SAB s0 aSabaruddin Tain1 aSay no to Drug ! aJakarta :bAnak Saleh Pratama,c2010 aKoleksi Umum a892 a893